[Event "Stay Safe Play From Home 216"]
[Site "T#646701Emanuel Laske"]
[Date "2020.06.10"]
[Round "5"]
[White "Erdema"]
[Black "Haris kollari 13"]
[Result "0-1"]
[WhiteElo "1480"]
[BlackElo "1932"]
[Annotator "NA RC"]
[PlyCount "100"]
[EventDate "2020.06.10"]
[EventType "swiss (blitz)"]

1. e4 {[%emt 0:00:02]} e6 {[%emt 0:00:01]} 2. d4 {[%emt 0:00:02]} d5 {[%emt 0:00:01]} 3. e5 {[%emt 0:00:01]} c5 {[%emt 0:00:01]} 4. c3 {[%emt 0:00:02]} Nc6 {[%emt 0:00:01]} 5. Nf3 {[%emt 0:00:02]} Bd7 {[%emt 0:00:01]} 6. b3 {[%emt 0:00:03]} a6 {[%emt 0:00:01]} 7. a4 {[%emt 0:00:02]} cxd4 {[%emt 0:00:07]} 8. cxd4 {[%emt 0:00:02]} Bb4+ {[%emt 0:00:03]} 9. Bd2 {[%emt 0:00:02]} Nge7 {[%emt 0:00:02]} 10. Bxb4 {[%emt 0:00:04]} Nxb4 {[%emt 0:00:01]} 11. Nc3 {[%emt 0:00:03]} Rc8 {[%emt 0:00:02]} 12. Rc1 {[%emt 0:00:11]} Qa5 {[%emt 0:00:01]} 13. Qd2 {[%emt 0:00:04]} O-O {[%emt 0:00:03]} 14. Be2 {[%emt 0:00:02]} Nf5 {[%emt 0:00:04]} 15. O-O {[%emt 0:00:04]} Qb6 {[%emt 0:00:04]} 16. h3 {[%emt 0:00:21]} Nc6 {[%emt 0:00:01]} 17. Bd3 {[%emt 0:00:10]} Nfxd4 {[%emt 0:00:02]} 18. Nxd4 {[%emt 0:00:03]} Qxd4 {[%emt 0:00:02]} 19. Rfe1 {[%emt 0:00:09]} g6 {[%emt 0:00:02]} 20. Qe3 {[%emt 0:00:06]} Qxe3 {[%emt 0:00:03]} 21. fxe3 {[%emt 0:00:01]} Nb4 {[%emt 0:00:03]} 22. Bb1 {[%emt 0:00:15]} Rc7 {[%emt 0:00:01]} 23. Ne2 {[%emt 0:00:03]} Rfc8 {[%emt 0:00:01]} 24. Rxc7 {[%emt 0:00:02]} Rxc7 {[%emt 0:00:01]} 25. Rc1 {[%emt 0:00:01]} Rxc1+ {[%emt 0:00:02]} 26. Nxc1 {[%emt 0:00:02]} Nc6 {[%emt 0:00:01]} 27. Nd3 {[%emt 0:00:05]} Kf8 {[%emt 0:00:04]} 28. Kf2 {[%emt 0:00:02]} Ke7 {[%emt 0:00:01]} 29. Kf3 {[%emt 0:00:05]} Na5 {[%emt 0:00:04]} 30. Bc2 {[%emt 0:00:04]} Bc6 {[%emt 0:00:01]} 31. Kf4 {[%emt 0:00:02]} h6 {[%emt 0:00:02]} 32. g4 {[%emt 0:00:03]} g5+ {[%emt 0:00:03]} 33. Kg3 {[%emt 0:00:02]} b5 {[%emt 0:00:02]} 34. axb5 {[%emt 0:00:04]} Bxb5 {[%emt 0:00:03]} 35. Nc5 {[%emt 0:00:04]} Nc6 {[%emt 0:00:02]} 36. Bd1 {[%emt 0:00:07]} Nxe5 {[%emt 0:00:01]} 37. h4 {[%emt 0:00:10]} f6 {[%emt 0:00:01]} 38. hxg5 {[%emt 0:00:02]} hxg5 {[%emt 0:00:01]} 39. Na4 {[%emt 0:00:12]} Bxa4 {[%emt 0:00:02]} 40. bxa4 {[%emt 0:00:02]} a5 {[%emt 0:00:01]} 41. Bc2 {[%emt 0:00:08]} Kd6 {[%emt 0:00:01]} 42. e4 {[%emt 0:00:05]} d4 {[%emt 0:00:01]} 43. Bd1 {[%emt 0:00:04]} Nc4 {[%emt 0:00:02]} 44. Kf2 {[%emt 0:00:04]} Ne3 {[%emt 0:00:01]} 45. Be2 {[%emt 0:00:03]} e5 {[%emt 0:00:01]} 46. Ke1 {[%emt 0:00:03]} Kc5 {[%emt 0:00:01]} 47. Kd2 {[%emt 0:00:02]} Kb4 {[%emt 0:00:01]} 48. Bb5 {[%emt 0:00:02]} Nxg4 {[%emt 0:00:01]} 49. Kc2 {[%emt 0:00:04]} Ne3+ {[%emt 0:00:01]} 50. Kd3 {[%emt 0:00:02]} g4 {[%emt 0:00:02] Erdema terk eder (Lag: Av=0.64s, max=1.6s)} 0-1

[Event "Stay Safe Play From Home 216"]
[Site "T#646701Emanuel Laske"]
[Date "2020.06.10"]
[Round "6"]
[White "Little champs"]
[Black "Don59as"]
[Result "1-0"]
[WhiteElo "2040"]
[BlackElo "2019"]
[Annotator "NA RC"]
[PlyCount "51"]
[EventDate "2020.06.10"]
[EventType "swiss (blitz)"]

1. d4 {[%emt 0:00:01]} d5 {[%emt 0:00:01]} 2. a3 {[%emt 0:00:03]} g6 {[%emt 0:00:02]} 3. h3 {[%emt 0:00:01]} Bg7 {[%emt 0:00:01]} 4. c3 {[%emt 0:00:01]} Nf6 {[%emt 0:00:01]} 5. Bf4 {[%emt 0:00:01]} O-O {[%emt 0:00:01]} 6. e3 {[%emt 0:00:01]} Nbd7 {[%emt 0:00:03]} 7. Nf3 {[%emt 0:00:01]} Re8 {[%emt 0:00:01]} 8. Bd3 {[%emt 0:00:02]} c6 {[%emt 0:00:01]} 9. Nbd2 {[%emt 0:00:01]} b6 {[%emt 0:00:02]} 10. O-O {[%emt 0:00:01]} Bb7 {[%emt 0:00:00]} 11. Rc1 {[%emt 0:00:02]} e6 {[%emt 0:00:03]} 12. Re1 {[%emt 0:00:01]} c5 {[%emt 0:00:02]} 13. e4 {[%emt 0:00:01]} dxe4 {[%emt 0:00:03]} 14. Nxe4 {[%emt 0:00:01]} Nxe4 {[%emt 0:00:01]} 15. Bxe4 {[%emt 0:00:00]} Bxe4 {[%emt 0:00:01]} 16. Rxe4 {[%emt 0:00:01]} cxd4 {[%emt 0:00:07]} 17. cxd4 {[%emt 0:00:02]} Nf6 {[%emt 0:00:06]} 18. Re1 {[%emt 0:00:01]} Nd5 {[%emt 0:00:01]} 19. Bg3 {[%emt 0:00:01]} Rc8 {[%emt 0:00:06]} 20. Qa4 {[%emt 0:00:01]} a5 {[%emt 0:00:10]} 21. Be5 {[%emt 0:00:08]} Bf8 {[%emt 0:00:11]} 22. Nd2 {[%emt 0:00:15]} Rxc1 {[%emt 0:00:14]} 23. Rxc1 {[%emt 0:00:01]} Qg5 {[%emt 0:00:01]} 24. Qxe8 {[%emt 0:00:07]} Qxd2 {[%emt 0:00:01]} 25. Rc8 {[%emt 0:00:03]} Qh6 {[%emt 0:00:17]} 26. Bd6 {[%emt 0:00:09] Don59as resigns (Lag: Av=0.66s, max=1.2s)} 1-0

[Event "Stay Safe Play From Home 216"]
[Site "T#646701Emanuel Laske"]
[Date "2020.06.10"]
[Round "6"]
[White "Haris kollari 13"]
[Black "matanant"]
[Result "0-1"]
[WhiteElo "1934"]
[BlackElo "1785"]
[Annotator "NA RC"]
[PlyCount "100"]
[EventDate "2020.06.10"]
[EventType "swiss (blitz)"]

1. e4 {[%emt 0:00:02]} e5 {[%emt 0:00:07]} 2. f4 {[%emt 0:00:02]} d5 {[%emt 0:00:05]} 3. d4 {[%emt 0:00:01]} Nf6 {[%emt 0:00:26]} 4. dxe5 {[%emt 0:00:09]} Nxe4 {[%emt 0:00:02]} 5. Nf3 {[%emt 0:00:05]} Bg4 {[%emt 0:00:04]} 6. Be2 {[%emt 0:00:01]} Bxf3 {[%emt 0:00:04]} 7. Bxf3 {[%emt 0:00:01]} Qh4+ {[%emt 0:00:01]} 8. g3 {[%emt 0:00:10]} Nxg3 {[%emt 0:00:02]} 9. hxg3 {[%emt 0:00:01]} Qxg3+ {[%emt 0:00:01]} 10. Ke2 {[%emt 0:00:01]} Bc5 {[%emt 0:00:14]} 11. Qe1 {[%emt 0:00:03]} Qg6 {[%emt 0:00:07]} 12. Qc3 {[%emt 0:00:05]} Bb6 {[%emt 0:00:15]} 13. Na3 {[%emt 0:00:06]} Nc6 {[%emt 0:00:03]} 14. Be3 {[%emt 0:00:22]} d4 {[%emt 0:00:04]} 15. Qd3 {[%emt 0:00:11]} Qxd3+ {[%emt 0:00:11]} 16. cxd3 {[%emt 0:00:01]} dxe3 {[%emt 0:00:01]} 17. Bxc6+ {[%emt 0:00:02]} bxc6 {[%emt 0:00:01]} 18. Nc4 {[%emt 0:00:01]} O-O {[%emt 0:00:08]} 19. b3 {[%emt 0:00:03]} a5 {[%emt 0:00:04]} 20. Rac1 {[%emt 0:00:08]} a4 {[%emt 0:00:05]} 21. b4 {[%emt 0:00:01]} a3 {[%emt 0:00:03]} 22. Nxe3 {[%emt 0:00:03]} Ra4 {[%emt 0:00:14]} 23. Rc4 {[%emt 0:00:05]} Rb8 {[%emt 0:00:09]} 24. Nf5 {[%emt 0:00:03]} c5 {[%emt 0:00:07]} 25. Rb1 {[%emt 0:00:18]} cxb4 {[%emt 0:00:05]} 26. Rbxb4 {[%emt 0:00:01]} Rxb4 {[%emt 0:00:03]} 27. Rxb4 {[%emt 0:00:01]} g6 {[%emt 0:00:07]} 28. Ne7+ {[%emt 0:00:02]} Kg7 {[%emt 0:00:05]} 29. Nd5 {[%emt 0:00:01]} h5 {[%emt 0:00:03]} 30. Kf3 {[%emt 0:00:01]} Rd8 {[%emt 0:00:04]} 31. Ke4 {[%emt 0:00:07]} h4 {[%emt 0:00:05]} 32. Nxb6 {[%emt 0:00:12]} cxb6 {[%emt 0:00:02]} 33. Rxb6 {[%emt 0:00:01]} Rc8 {[%emt 0:00:02]} 34. Rb3 {[%emt 0:00:07]} h3 {[%emt 0:00:03]} 35. d4 {[%emt 0:00:02]} h2 {[%emt 0:00:02]} 36. Rh3 {[%emt 0:00:02]} Rc2 {[%emt 0:00:00]} 37. Kd3 {[%emt 0:00:03]} Rxa2 {[%emt 0:00:01]} 38. Kc3 {[%emt 0:00:01]} Rf2 {[%emt 0:00:03]} 39. d5 {[%emt 0:00:07]} a2 {[%emt 0:00:01]} 40. d6 {[%emt 0:00:02]} a1=Q+ {[%emt 0:00:02]} 41. Kc4 {[%emt 0:00:01]} Rc2+ {[%emt 0:00:04]} 42. Kd5 {[%emt 0:00:02]} Qd1+ {[%emt 0:00:02]} 43. Ke4 {[%emt 0:00:02]} Rc5 {[%emt 0:00:04]} 44. Rxh2 {[%emt 0:00:05]} Qd5+ {[%emt 0:00:02]} 45. Ke3 {[%emt 0:00:01]} Rc3+ {[%emt 0:00:01]} 46. Kf2 {[%emt 0:00:01]} Qf3+ {[%emt 0:00:01]} 47. Ke1 {[%emt 0:00:02]} Rc1+ {[%emt 0:00:01]} 48. Kd2 {[%emt 0:00:01]} Rd1+ {[%emt 0:00:01]} 49. Kc2 {[%emt 0:00:01]} Qd3+ {[%emt 0:00:01]} 50. Kb2 {[%emt 0:00:01]} Rb1+ {[%emt 0:00:01] Haris kollari 13 resigns (Lag: Av=0.54s, max=0.8s)} 0-1

[Event "Stay Safe Play From Home 216"]
[Site "T#646701Emanuel Laske"]
[Date "2020.06.10"]
[Round "6"]
[White "Dukic"]
[Black "EnigmaG"]
[Result "1-0"]
[WhiteElo "1890"]
[BlackElo "1686"]
[Annotator "NA RC"]
[PlyCount "37"]
[EventDate "2020.06.10"]
[EventType "swiss (blitz)"]

1. c4 {[%emt 0:00:05]} e6 {[%emt 0:00:00]} 2. Nc3 {[%emt 0:00:02]} Nf6 {[%emt 0:00:01]} 3. d4 {[%emt 0:00:01]} Bb4 {[%emt 0:00:01]} 4. Qc2 {[%emt 0:00:01]} O-O {[%emt 0:00:10]} 5. e4 {[%emt 0:00:02]} Bxc3+ {[%emt 0:00:06]} 6. bxc3 {[%emt 0:00:02]} c5 {[%emt 0:00:01]} 7. Bd3 {[%emt 0:00:14]} Nc6 {[%emt 0:00:04]} 8. Nf3 {[%emt 0:00:02]} b6 {[%emt 0:00:07]} 9. e5 {[%emt 0:00:01]} Ne8 {[%emt 0:00:03]} 10. Bxh7+ {[%emt 0:00:01]} Kh8 {[%emt 0:00:02]} 11. Be4 {[%emt 0:00:01]} Ba6 {[%emt 0:00:05]} 12. Qe2 {[%emt 0:00:10]} Na5 {[%emt 0:00:29]} 13. Ng5 {[%emt 0:00:02]} Nf6 {[%emt 0:00:23]} 14. exf6 {[%emt 0:00:03]} Qxf6 {[%emt 0:00:00]} 15. Qh5+ {[%emt 0:00:07]} Qh6 {[%emt 0:00:01]} 16. Nxf7+ {[%emt 0:00:05]} Kg8 {[%emt 0:00:02]} 17. Nxh6+ {[%emt 0:00:04]} gxh6 {[%emt 0:00:06]} 18. Qg6+ {[%emt 0:00:01]} Kh8 {[%emt 0:00:02]} 19. Qh7# {[%emt 0:00:02] (Lag: Av=0.70s, max=1.3s)} 1-0

[Event "Stay Safe Play From Home 216"]
[Site "T#646701Emanuel Laske"]
[Date "2020.06.10"]
[Round "6"]
[White "Kat Stam"]
[Black "Lazieri3"]
[Result "0-1"]
[WhiteElo "1667"]
[BlackElo "2117"]
[Annotator "TA"]
[PlyCount "52"]
[EventDate "2020.06.10"]
[EventType "swiss (blitz)"]

{[%evp 15,52,15,18,11,17,6,17,12,18,12,10,9,10,-184,33,10,25,16,27,11,14,0,33,0,0,0,0,0,0,0,0,-293,0,0,0,-15,0,-29998,-29999]} 1. d4 d5 2. Nf3 c6 3. e3 Nf6 4. c4 Bf5 5. Bd3 Bxd3 6. Qxd3 e6 7. O-O Be7 8. b3 O-O 9. Bb2 {D12: Slav Defence: 3 Nf3 Nf6 4 e3 Bf5.} Nbd7 10. Re1 h6 11. Nbd2 {The position is equal.} Re8 12. e4 dxe4 13. Nxe4 Nxe4 {[#]} 14. Rxe4 $146 {[#]} (14. Qxe4 $11 a5 15. Bc3) ({Predecessor:} 14. Qxe4 Nf6 15. Qc2 b5 16. Red1 Qb6 17. Qe2 a5 18. Ne5 Red8 19. Qf3 Rac8 20. Rd3 {0-1 (50) Jauschneg,T (1120)-Avilova,Y (1602) Mureck 2019}) 14... Nf6 $2 (14... Nc5 $1 $19 {[%cal Rc5d3][%mdl 512]} 15. Qc2 (15. dxc5 Qxd3) 15... Nxe4 16. Qxe4 Qa5) 15. Re2 Bd6 16. Rae1 Qc7 17. Ne5 Rad8 18. Qh3 Bb4 19. Bc3 Bxc3 20. Qxc3 Nd7 21. Ng4 Qf4 22. Re4 Qg5 $36 {[%mdl 2048] Hoping for ...f5. Black has some pressure.} 23. R1e3 $2 {[%mdl 8192]} (23. Ne5 $11 {and White stays safe.}) 23... Nf6 $2 ({Better is} 23... f5 $19 24. h4 Qxh4 {[%mdl 64] Pin}) 24. Nxf6+ $11 Qxf6 25. Rf3 Qg6 26. Ref4 $2 {[%mdl 8192] [#]} (26. Rff4 $11) 26... Qb1+ {[%mdl 64] Double Attack. Accuracy: White = 66%, Black = 72%.} 0-1

[Event "Stay Safe Play From Home 216"]
[Site "T#646701Emanuel Laske"]
[Date "2020.06.10"]
[Round "6"]
[White "Justwatch"]
[Black "Egyptian-Silent-Hunter"]
[Result "0-1"]
[WhiteElo "1581"]
[BlackElo "1690"]
[Annotator "NA RC"]
[PlyCount "46"]
[EventDate "2020.06.10"]
[EventType "swiss (blitz)"]

1. e4 {[%emt 0:00:01]} e6 {[%emt 0:00:05]} 2. Nf3 {[%emt 0:00:00]} d5 {[%emt 0:00:01]} 3. exd5 {[%emt 0:00:00]} exd5 {[%emt 0:00:01]} 4. d4 {[%emt 0:00:00]} c5 {[%emt 0:00:01]} 5. Be3 {[%emt 0:00:00]} Nf6 {[%emt 0:00:01]} 6. Nbd2 {[%emt 0:00:01]} c4 {[%emt 0:00:02]} 7. c3 {[%emt 0:00:02]} Bd6 {[%emt 0:00:01]} 8. Be2 {[%emt 0:00:01]} O-O {[%emt 0:00:01]} 9. O-O {[%emt 0:00:00]} Bg4 {[%emt 0:00:04]} 10. h3 {[%emt 0:00:00]} Bh5 {[%emt 0:00:01]} 11. Ne5 {[%emt 0:00:01]} Bxe2 {[%emt 0:00:02]} 12. Qxe2 {[%emt 0:00:00]} Nbd7 {[%emt 0:00:04]} 13. Ndf3 {[%emt 0:00:02]} Ne4 {[%emt 0:00:01]} 14. Nxd7 {[%emt 0:00:02]} Qxd7 {[%emt 0:00:02]} 15. Ne5 {[%emt 0:00:01]} Qe6 {[%emt 0:00:01]} 16. Nf3 {[%emt 0:00:04]} Rae8 {[%emt 0:00:05]} 17. Ng5 {[%emt 0:00:01]} Nxg5 {[%emt 0:00:01]} 18. Qh5 {[%emt 0:00:03]} Ne4 {[%emt 0:00:08]} 19. a3 {[%emt 0:00:05]} Nf6 {[%emt 0:00:09]} 20. Qg5 {[%emt 0:00:15]} h6 {[%emt 0:00:06]} 21. Qh4 {[%emt 0:00:04]} Qe4 {[%emt 0:00:06]} 22. Qxe4 {[%emt 0:00:25]} Nxe4 {[%emt 0:00:03]} 23. a4 {[%emt 0:00:03]} a6 {[%emt 0:00:06] Justwatch terk eder (Lag: Av=0.36s, max=0.6s)} 0-1

[Event "Stay Safe Play From Home 216"]
[Site "T#646701Emanuel Laske"]
[Date "2020.06.10"]
[Round "7"]
[White "Lazieri3"]
[Black "Egyptian-Silent-Hunter"]
[Result "1-0"]
[WhiteElo "2119"]
[BlackElo "1702"]
[Annotator "TA"]
[PlyCount "83"]
[EventDate "2020.06.10"]
[EventType "swiss (blitz)"]

{[%evp 13,83,7,21,3,9,10,9,0,6,-1,0,0,0,0,0,0,0,0,0,-3,0,-7,-14,-10,-12,-20,-6,-14,-12,-9,-6,-9,0,0,0,0,16,0,93,96,161,164,147,147,186,186,193,220,295,167,329,321,308,308,303,300,310,320,1394,1099,12835,12836,12835,12836,12840,12841,12841,12837,12837,12838,12845,12843]} 1. e3 d5 2. d4 e6 3. Nf3 Nf6 4. c4 Be7 5. Nc3 O-O 6. Bd3 c5 7. cxd5 cxd4 8. Nxd4 {D40: Queen's Gambit Declined: Semi-Tarrasch with 5 e3.} Nxd5 9. Nxd5 Qxd5 10. O-O {The position is equal.} Nc6 {[#]} 11. Qf3 $146 ({Predecessor:} 11. Nxc6 Qxc6 12. Qb3 b6 13. Be2 Bb7 14. Bf3 Qc7 15. Bxb7 Qxb7 16. Bd2 Rfd8 17. Bc3 {0-1 (51) Navarro,T (2213)-Molina,R (2384) Goiania 2010}) 11... Nxd4 12. Qxd5 exd5 13. exd4 Be6 14. Bf4 Rac8 15. Rfc1 a6 16. h3 h6 17. Bc7 g6 18. Rc2 Bf6 19. Be5 Bxe5 20. dxe5 Rxc2 21. Bxc2 $11 {[%mdl 4096] Endgame KRB-KRB} Rc8 22. Bd3 b5 23. a4 bxa4 24. Rxa4 Rb8 25. Rxa6 Rxb2 (25... Kg7 $11) 26. Bxg6 $1 $16 {White now steadily converts the win.} Kg7 {[#]} (26... Re2 $16) 27. Bh5 $1 $18 Rb1+ 28. Kh2 Re1 29. f4 Re4 30. Kg3 d4 31. Bg4 (31. Rd6 $142) 31... Bd5 $2 {[#]} (31... Re3+ {keeps fighting.} 32. Bf3 Bd5) 32. Rd6 Re3+ 33. Bf3 Bxf3 34. gxf3 {KR-KR} d3 {Now ...h5 and Black clings on.} 35. Kg4 h5+ $2 (35... Kh7 36. Rd7 Kg8) 36. Kxh5 {White is clearly winning.} Rxf3 37. Kg4 Re3 38. h4 Re1 39. Rxd3 Rg1+ 40. Rg3 Rh1 41. Kf5+ Kh7 42. Rg4 {Accuracy: White = 91%, Black = 64%.} 1-0

[Event "Stay Safe Play From Home 216"]
[Site "T#646701Emanuel Laske"]
[Date "2020.06.10"]
[Round "7"]
[White "Don59as"]
[Black "Erdema"]
[Result "1-0"]
[WhiteElo "2003"]
[BlackElo "1478"]
[Annotator "NA RC"]
[PlyCount "95"]
[EventDate "2020.06.10"]
[EventType "swiss (blitz)"]

1. c4 {[%emt 0:00:03]} e5 {[%emt 0:00:03]} 2. Nc3 {[%emt 0:00:01]} Nf6 {[%emt 0:00:02]} 3. e4 {[%emt 0:00:01]} c6 {[%emt 0:00:01]} 4. g3 {[%emt 0:00:01]} d5 {[%emt 0:00:02]} 5. exd5 {[%emt 0:00:02]} cxd5 {[%emt 0:00:01]} 6. Bg2 {[%emt 0:00:01]} d4 {[%emt 0:00:02]} 7. Nd5 {[%emt 0:00:01]} Nxd5 {[%emt 0:00:02]} 8. cxd5 {[%emt 0:00:00]} Bc5 {[%emt 0:00:03]} 9. d3 {[%emt 0:00:02]} O-O {[%emt 0:00:02]} 10. Ne2 {[%emt 0:00:01]} Bb4+ {[%emt 0:00:04]} 11. Bd2 {[%emt 0:00:01]} Bxd2+ {[%emt 0:00:02]} 12. Qxd2 {[%emt 0:00:01]} Nd7 {[%emt 0:00:02]} 13. O-O {[%emt 0:00:01]} Nb6 {[%emt 0:00:02]} 14. Qa5 {[%emt 0:00:03]} Bf5 {[%emt 0:00:07]} 15. Rfd1 {[%emt 0:00:18]} Qd6 {[%emt 0:00:08]} 16. f4 {[%emt 0:00:05]} exf4 {[%emt 0:00:06]} 17. Nxf4 {[%emt 0:00:01]} a6 {[%emt 0:00:04]} 18. h4 {[%emt 0:00:05]} Bg4 {[%emt 0:00:03]} 19. Re1 {[%emt 0:00:07]} Rfe8 {[%emt 0:00:03]} 20. Kh2 {[%emt 0:00:06]} Nd7 {[%emt 0:00:04]} 21. Rac1 {[%emt 0:00:08]} Rac8 {[%emt 0:00:04]} 22. Rxe8+ {[%emt 0:00:07]} Rxe8 {[%emt 0:00:03]} 23. Qc7 {[%emt 0:00:01]} Qxc7 {[%emt 0:00:11]} 24. Rxc7 {[%emt 0:00:04]} b6 {[%emt 0:00:14]} 25. d6 {[%emt 0:00:05]} Nc5 {[%emt 0:00:03]} 26. Bd5 {[%emt 0:00:07]} Bf5 {[%emt 0:00:06]} 27. Bxf7+ {[%emt 0:00:03]} Kf8 {[%emt 0:00:06]} 28. Bxe8 {[%emt 0:00:06]} Kxe8 {[%emt 0:00:01]} 29. Rxg7 {[%emt 0:00:13]} Nxd3 {[%emt 0:00:02]} 30. Nxd3 {[%emt 0:00:10]} Bxd3 {[%emt 0:00:03]} 31. Rg4 {[%emt 0:00:01]} Bc4 {[%emt 0:00:07]} 32. b3 {[%emt 0:00:05]} Be6 {[%emt 0:00:04]} 33. Rxd4 {[%emt 0:00:02]} Kd7 {[%emt 0:00:01]} 34. g4 {[%emt 0:00:01]} h6 {[%emt 0:00:02]} 35. Kg3 {[%emt 0:00:02]} b5 {[%emt 0:00:03]} 36. g5 {[%emt 0:00:01]} hxg5 {[%emt 0:00:02]} 37. hxg5 {[%emt 0:00:00]} a5 {[%emt 0:00:02]} 38. Kf4 {[%emt 0:00:01]} Bf7 {[%emt 0:00:10]} 39. Ke5 {[%emt 0:00:03]} Be8 {[%emt 0:00:04]} 40. Kf6 {[%emt 0:00:02]} Kd8 {[%emt 0:00:03]} 41. g6 {[%emt 0:00:02]} Bxg6 {[%emt 0:00:02]} 42. Kxg6 {[%emt 0:00:01]} Kd7 {[%emt 0:00:01]} 43. Kf6 {[%emt 0:00:01]} a4 {[%emt 0:00:02]} 44. bxa4 {[%emt 0:00:02]} bxa4 {[%emt 0:00:01]} 45. Ke5 {[%emt 0:00:01]} a3 {[%emt 0:00:02]} 46. Kd5 {[%emt 0:00:02]} Kc8 {[%emt 0:00:03]} 47. Kc6 {[%emt 0:00:02]} Kd8 {[%emt 0:00:06]} 48. Rh4 {[%emt 0:00:02] Erdema terk eder (Lag: Av=0.63s, max=1.2s)} 1-0

[Event "Stay Safe Play From Home 216"]
[Site "T#646701Emanuel Laske"]
[Date "2020.06.10"]
[Round "7"]
[White "Dukic"]
[Black "Kat Stam"]
[Result "1-0"]
[WhiteElo "1898"]
[BlackElo "1664"]
[Annotator "NA RC"]
[PlyCount "69"]
[EventDate "2020.06.10"]
[EventType "swiss (blitz)"]

1. c4 {[%emt 0:00:04]} Nf6 {[%emt 0:00:04]} 2. Nc3 {[%emt 0:00:01]} d5 {[%emt 0:00:03]} 3. d4 {[%emt 0:00:02]} e6 {[%emt 0:00:02]} 4. Nf3 {[%emt 0:00:01]} c6 {[%emt 0:00:01]} 5. Bg5 {[%emt 0:00:02]} Nbd7 {[%emt 0:00:06]} 6. e3 {[%emt 0:00:02]} Be7 {[%emt 0:00:06]} 7. Qc2 {[%emt 0:00:01]} O-O {[%emt 0:00:01]} 8. Bd3 {[%emt 0:00:02]} h6 {[%emt 0:00:04]} 9. Bh4 {[%emt 0:00:02]} dxc4 {[%emt 0:00:17]} 10. Bxc4 {[%emt 0:00:03]} b5 {[%emt 0:00:02]} 11. Bd3 {[%emt 0:00:04]} Bb7 {[%emt 0:00:01]} 12. e4 {[%emt 0:00:07]} Nh5 {[%emt 0:00:53]} 13. Bxe7 {[%emt 0:00:12]} Qxe7 {[%emt 0:00:00]} 14. g3 {[%emt 0:00:22]} c5 {[%emt 0:00:14]} 15. Bxb5 {[%emt 0:00:37]} Ndf6 {[%emt 0:00:21]} 16. Be2 {[%emt 0:00:17]} cxd4 {[%emt 0:00:09]} 17. Nxd4 {[%emt 0:00:02]} Rac8 {[%emt 0:00:01]} 18. f3 {[%emt 0:00:12]} Qc5 {[%emt 0:01:08]} 19. O-O-O {[%emt 0:00:02]} Rfd8 {[%emt 0:00:03]} 20. Nb3 {[%emt 0:00:17]} Qe3+ {[%emt 0:00:03]} 21. Kb1 {[%emt 0:00:14]} Rxd1+ {[%emt 0:00:21]} 22. Rxd1 {[%emt 0:00:07]} Nxe4 {[%emt 0:00:03]} 23. fxe4 {[%emt 0:00:05]} Bxe4 {[%emt 0:00:01]} 24. Bd3 {[%emt 0:00:02]} Bf3 {[%emt 0:00:06]} 25. Qd2 {[%emt 0:00:12]} Qb6 {[%emt 0:00:34]} 26. Rf1 {[%emt 0:00:11]} Bd5 {[%emt 0:00:04]} 27. Nxd5 {[%emt 0:00:08]} exd5 {[%emt 0:00:00]} 28. Qf2 {[%emt 0:00:10]} Nf6 {[%emt 0:00:01]} 29. Qxb6 {[%emt 0:00:02]} axb6 {[%emt 0:00:00]} 30. Re1 {[%emt 0:00:05]} g6 {[%emt 0:00:02]} 31. Nd4 {[%emt 0:00:04]} Nd7 {[%emt 0:00:02]} 32. Re7 {[%emt 0:00:02]} Nc5 {[%emt 0:00:01]} 33. Bc2 {[%emt 0:00:04]} Rd8 {[%emt 0:00:03]} 34. b4 {[%emt 0:00:07]} Ne4 {[%emt 0:00:01]} 35. Rb7 {[%emt 0:00:10] Time} 1-0

[Event "Stay Safe Play From Home 216"]
[Site "T#646701Emanuel Laske"]
[Date "2020.06.10"]
[Round "7"]
[White "matanant"]
[Black "Little champs"]
[Result "0-1"]
[WhiteElo "1809"]
[BlackElo "2056"]
[Annotator "TA"]
[PlyCount "105"]
[EventDate "2020.06.10"]
[EventType "swiss (blitz)"]

{[%evp 9,105,18,6,9,38,33,75,43,58,29,36,25,72,20,29,19,47,33,70,54,89,60,65,73,66,52,50,6,6,0,26,15,16,8,10,14,0,-21,-21,-17,-17,-33,-20,-22,0,-1,-6,-2,6,-90,-91,-140,-126,-315,-300,-286,-234,-706,-701,-698,-685,-714,-712,-693,-689,-849,-847,-832,-808,-814,-766,-836,-768,-935,-866,-1009,-972,-1554,-1316,-1643,-1634,-1220,-1158,-6057,-5942,-29968,-6958,-29974,-29977,-29978,-29979,-29979,-29980,-29979,-29980,-29980,-29981,-29995]} 1. b3 c6 2. Bb2 d5 3. e3 Nf6 4. f4 g6 5. Nf3 Bg7 6. Be2 {[#] A03: Bird's Opening with 1...d5.} Kf8 $146 ({Predecessor:} 6... O-O 7. O-O Bg4 8. Qe1 Nbd7 9. Qh4 e6 10. Nc3 Bxf3 11. Bxf3 Ne4 12. Qxd8 Rfxd8 13. Bxe4 dxe4 14. Rfd1 f5 {0-1 (52) Drozdowski,K (2464)-Berczes,D (2501) Richardson 2014}) 7. O-O e6 8. d3 {White is better.} Ng4 9. Bxg7+ Kxg7 10. Qc1 Qb6 11. Nd4 (11. d4 $16) 11... h5 12. h3 Nf6 13. c4 Nbd7 14. Nd2 a6 15. N2f3 c5 16. Nc2 Qc7 17. Qb2 b5 18. Ne5 (18. cxd5 {keeps more tension.} exd5 19. f5 Re8 20. b4 c4 21. a4) 18... dxc4 19. bxc4 Nxe5 20. fxe5 Nd7 21. cxb5 Qxe5 22. Qxe5+ Nxe5 23. b6 Rb8 24. Rab1 Nd7 25. Na3 Rxb6 26. Nc4 Rb5 27. a4 Rxb1 28. Rxb1 Nf6 29. Bf3 (29. a5 $11 {remains equal.}) 29... Bd7 $17 30. Nb6 Rb8 31. Kf2 $2 {[#] Loses the game.} (31. a5 $17 {is a better defense.}) 31... Bxa4 $1 $19 {[%mdl 512] White must now prevent ...Nd7.} 32. Ra1 (32. Nxa4 Rxb1) 32... Bb5 ({Don't play} 32... Rxb6 33. Rxa4 Rb2+ 34. Ke1 $17) 33. d4 $2 (33. Nc4) 33... Rxb6 34. dxc5 Rb8 35. c6 Rc8 36. Rc1 Nd5 37. Bxd5 exd5 {[%mdl 4096] Endgame KRB-KR} 38. c7 Kf6 39. Kf3 Ke7 40. Kf4 f6 41. g4 hxg4 42. hxg4 Kd6 43. g5 fxg5+ 44. Kxg5 Rxc7 45. Rh1 Re7 46. Rh3 a5 {[%cal Ba6a5,Ba5a4,Ba4a3][%mdl 32]} 47. Kf6 Re6+ 48. Kf7 a4 {Black mates.} 49. Rh8 {[#]} Be8+ $1 50. Kg7 (50. Rxe8 Rxe8) 50... a3 51. Rh2 Rxe3 52. Ra2 Kc5 53. Rb2 {Accuracy: White = 53%, Black = 73%.} 0-1